书目信息 |
| 题名: |
黑色风暴:90年代中外18起金融机构风险案例
|
|
| 作者: | 张玉柯 编著 | |
| 分册: | ||
| 出版信息: | 天津 天津人民出版社 2001 |
|
| 页数: | 255页 | |
| 开本: | 20cm | |
| 丛书名: | ||
| 单 册: | ||
| 中图分类: | F830.2 | |
| 科图分类: | ||
| 主题词: | 金融 , 银行 | |
| 电子资源: | ||
| ISBN: | 7-201-03707-2 | |
| 000 | 00643nam0 2200205 450 | |
| 001 | 0730729404 | |
| 005 | 20070721091826.35 | |
| 010 | @a7-201-03707-2@dCNY16.00 | |
| 100 | @a20070712d2001 km y0chiy0120 ea | |
| 101 | 0 | @achi |
| 102 | @aCN@b120000 | |
| 200 | 1 | @a黑色风暴:90年代中外18起金融机构风险案例@Ahei se feng bao:90 nian dai zhong wai 18 qi jin rong ji gou feng xian an li@f张玉柯等编著@Fzhang yu ke deng bian zhu |
| 210 | @a天津@c天津人民出版社@d2001 | |
| 215 | @a255页@d20cm | |
| 606 | 0 | @a金融 |
| 606 | 0 | @a银行 |
| 690 | @aF830.2@v3 | |
| 701 | 0 | @a张玉柯@Azhang yu ke@4编著 |
| 801 | 0 | @aCN@bPFT@c20070721 |
| 905 | @a10447@dF830.2@e101 | |
| 黑色风暴:90年代中外18起金融机构风险案例/张玉柯等编著.-天津:天津人民出版社,2001 |
| 255页;20cm |
| ISBN 7-201-03707-2:CNY16.00 |
| ● |
| 相关链接 |
|
|
|
|
正题名:黑色风暴:90年代中外18起金融机构风险案例
索取号:F830.2/101
 
预约/预借
| 序号 | 登录号 | 条形码 | 馆藏地/架位号 | 状态 | 备注 |
| 1 | 0769967 | 207699677 | 第一样本阅览室/ [索取号:F830.2/101] | 在馆 |